000 00665nam a22001937a 4500
999 _c20657
_d20657
005 20200104041807.0
008 191224b xxu||||| |||| 00| 0 spa d
040 _aCO-BoIAVH
_cCO-BoIAVH
041 _aspa
044 _ack
110 _aUniversidad Nacional de Colombia
245 _aSaberes de pupuña
_bEl chontaduro en la Amazonía
_cUniversidad Nacional de Colombia
260 _aBogotá:
_bCarlos Rojas
_cs.f.
300 _a1 Folleto plegable:
_bFotografías e ilustraciones
_c33.6 x 16cm
650 0 _aChontaduro
650 0 _aSaberes tradicionales
650 0 _aIndígenas del Amazonas
_xRitos y ceremonias
942 _2ddc
_cFolleto